Loading...
| Fine Arts - Classical Music | 3 | 3 | 0 | 0 | 75 | 12 | 65.33 | 5 | 6 | 38.01 | 61.11 |
| Fine Arts - Painting and Sculpture | 2 | 1 | 0 | 0 | 40 | 62 | 70.00 | 3 | 3 | 17.24 | 33.33 |
| Fine Arts - Other | 0 | 4 | 2 | 1 | 30 | 106 | 126.00 | 2 | 4 | 5.25 | 19.23 |
| History - European | 1 | 0 | 0 | 0 | 15 | 21 | 21.00 | 1 | 1 | 9.44 | 11.11 |
| History - Ancient | 0 | 1 | 0 | 0 | 10 | 73 | 73.00 | 0 | 1 | 50.34 | 50.00 |
| Mythology | 0 | 1 | 0 | 1 | 10 | 151 | 151.00 | 0 | 1 | 0.22 | 8.33 |
| Other Academic | 0 | 1 | 0 | 0 | 10 | 104 | 104.00 | 0 | 1 | 3.03 | 5.56 |
| Social Science | 0 | 1 | 0 | 0 | 10 | 83 | 83.00 | 0 | 1 | 2.58 | 3.57 |
| History - World | 0 | 0 | 0 | 0 | 0 | 0.00 | 0 | 0 | 0.00 | 0.00 |